| 000 | 01276nam a2200361 c 4500 | ||
|---|---|---|---|
| 999 |
_c130041 _d130041 |
||
| 003 | BLK | ||
| 005 | 20250719121116.0 | ||
| 008 | 180409b bul|||||r ||||||| ||bul|| | ||
| 010 | _aKNG00135790000 | ||
| 020 | _a954-657-540-2 | ||
| 040 | _aBLK | ||
| 041 |
_aBUL _cBUL |
||
| 072 | 7 |
_2bullib _aН83 _xЧужда художествена литература Н |
|
| 080 |
_aИталианска литература _b821.131.1 _x-32 _z821.131.1-32 |
||
| 100 | 1 |
_aБокачо, Джовани _eпърви автор _941035 |
|
| 139 |
_aБокачо, Джовани _bБ 60 |
||
| 245 | 1 | 0 |
_aДекамерон _cДжовани Бокачо; прев. от итал. Д. Хр. Максимов. |
| 257 | _aITA | ||
| 260 |
_bПАН _c2005 _fСофия : Инвестпрес |
||
| 300 |
_a128 с. _c20 см |
||
| 380 | _aX | ||
| 490 | 1 | _aПоредица Книги за ученика | |
| 500 | _aОриг. загл. Decameron / Giovanni Boccaccio. | ||
| 659 | _aН | ||
| 700 | 1 |
_aМаксимов, Д. Хр. _eпрев. от итал. _9280475 |
|
| 852 | _aЦб 256964 | ||
| 856 | 4 | _qpdf | |
| 856 | 4 | _qpdf | |
| 942 |
_cKNG _n0 _0117 |
||
| 944 |
_aCR _c02.11.2012 _k30576 _lЦветомила Тодорова |
||
| 944 |
_aED _c16.04.2013 |
||
| 999 | _d130041 | ||